|
|
|
|
| LEADER |
00000nas a2200000 a 4500 |
| 001 |
vtls012268219 |
| 003 |
SK-MaSNL |
| 005 |
20260228155853.0 |
| 008 |
241210d18681918hu ar 0 0hun |
| 015 |
|
|
|a SNBHFB
|
| 040 |
|
|
|a SNKHF
|b slo
|c SNKHF
|e rda
|
| 041 |
0 |
|
|a hun
|
| 044 |
|
|
|a hu
|c HU
|a au
|c AT
|
| 072 |
|
7 |
|a 32
|x Politika
|2 konspekt
|
| 080 |
|
|
|a 32
|2 2011
|
| 080 |
|
|
|a (051)-048.55
|2 2011
|
| 245 |
0 |
0 |
|a A közös ügyek tárgyalására a magyar országgyűlés által kiküldött S Ö Felsége Által Folytatólag ... Pestre összehívott Bizottság Naplója
|
| 264 |
|
3 |
|a Pest
|b Nyomatott Az Athenaeum Irod. És Nyomdai Rész.-Társulat Nyomdájában
|c 1868, 1872-1918
|
| 264 |
2 |
3 |
|3 1869, 1871
|a Bécs
|b Nyomatot A Cs. Kir. Udvari És Állanyomdaban
|
| 264 |
2 |
3 |
|3 1871
|a Pest
|b Pesti Könyvnyomda-Részvény-Társulat
|
| 300 |
|
|
|c 33 cm
|
| 310 |
|
|
|a 1x ročne
|
| 336 |
|
|
|a text
|b txt
|2 rdacontent
|
| 337 |
|
|
|a bez média
|b n
|2 rdamedia
|
| 338 |
|
|
|a zväzok
|b nc
|2 rdacarrier
|
| 362 |
0 |
|
|a 1868-[1918]
|z OSzK/2024
|
| 500 |
|
|
|a Editor: 1868, Greguss Ágost
|
| 500 |
|
|
|a Editor: 1869, Maszák Húgó
|
| 500 |
|
|
|a Editor: 1871, Nagy Iván ; Maszák Húgó
|
| 500 |
|
|
|a V stĺpcoch tlačený text
|
| 500 |
|
|
|a Súčasťou názvu je aktuálny rok
|
| 500 |
|
|
|a Rok 1870 vyšiel v roku 1871
|
| 650 |
0 |
7 |
|a politika
|2 SNKPH
|9 968
|
| 655 |
|
7 |
|a špecializované časopisy
|2 SNKPH
|9 70509
|
| 700 |
1 |
|
|a Greguss, Ágost
|4 edt
|9 265501
|
| 700 |
1 |
|
|a Maszák, Húgó
|4 edt
|9 265502
|
| 700 |
1 |
|
|a Nagy, Iván
|4 edt
|9 265503
|
| 710 |
2 |
|
|a Athenaeum Irodalmi és Nyomdai Rt. (Budapešť, Maďarsko),
|d 1841-1998
|4 prt
|9 151755
|
| 710 |
2 |
|
|a Nyomatot A Cs. Kir. Udvari És Állanyomdaban (Viedeň, Rakúsko)
|4 prt
|9 265504
|
| 710 |
2 |
|
|a Könyvnyomda-Részvény-Társulat (Budapešť, Maďarsko)
|4 prt
|9 265505
|
| 752 |
|
|
|a Maďarsko
|d Budapešť
|
| 752 |
|
|
|a Rakúsko
|d Viedeň
|
| 852 |
|
|
|a snk
|b Zaiova knižnica: Zay 17892
|p ČB 5849/1868
|
| 852 |
|
|
|a snk
|b Zaiova knižnica: Zay 17893
|p ČB 5849/1869
|
| 852 |
|
|
|a snk
|b Zaiova knižnica: Zay 17895
|p ČB 5849/1871/1
|
| 852 |
|
|
|a snk
|b Zaiova knižnica: Zay 17896
|p ČB 5849/1871/2
|
| 958 |
|
|
|a DF
|
| 999 |
|
|
|c 779
|d 779
|
| 952 |
|
|
|0 0
|1 0
|4 0
|7 0
|8 5
|a SNK
|b SNK
|c SNK_HF
|d 2024-12-10
|i snk2024/18331
|l 0
|o snkČB 5849/1868
|p 17A1488330
|r 2026-02-21 22:35:21
|t Zay 17892
|w 2026-02-21
|y PREZ
|
| 952 |
|
|
|0 0
|1 0
|4 0
|7 0
|8 5
|a SNK
|b SNK
|c SNK_HF
|d 2024-12-10
|i snk2024/18332
|l 0
|o snkČB 5849/1869
|p 17A1488331
|r 2026-02-21 22:35:21
|t Zay 17893
|w 2026-02-21
|y PREZ
|
| 952 |
|
|
|0 0
|1 0
|4 0
|7 0
|8 5
|a SNK
|b SNK
|c SNK_HF
|d 2024-12-10
|i snk2024/18334
|l 0
|o snkČB 5849/1871/1
|p 17A1488332
|r 2026-02-21 22:35:21
|t Zay 17895
|w 2026-02-21
|y PREZ
|
| 952 |
|
|
|0 0
|1 0
|4 0
|7 0
|8 5
|a SNK
|b SNK
|c SNK_HF
|d 2024-12-10
|i snk2024/18335
|l 0
|o snkČB 5849/1871/2
|p 17A1488333
|r 2026-02-21 22:35:21
|t Zay 17896
|w 2026-02-21
|y PREZ
|